| 000 | 00721nam a2200265 a 4500 | ||
|---|---|---|---|
| 999 |
_c6887 _d6887 |
||
| 001 | 6887 | ||
| 003 | BD-JhCC | ||
| 005 | 20180131175259.0 | ||
| 008 | 970607s1929 enkabch 00100deng d | ||
| 035 | _a(BD-JhCC)6887 | ||
| 035 | _a1529546 | ||
| 040 |
_aBD-JhCC _cNLRL _dBD-JhCC |
||
| 041 | _aeng | ||
| 082 | 0 |
_a910.92 _221 _bBRE 1963 |
|
| 100 | 1 |
_aBrendon, J. A. _q(John Adams), _d1884- |
|
| 245 | 1 | 0 |
_aGreat navigators & discoverers / _cby J.A. Brendon. |
| 260 |
_aLondon : _bHarrap, _c1929. |
||
| 300 |
_a281 p. : _bill., facsims., maps, ports. ; _c20 cm. |
||
| 504 | _aIncludes index. | ||
| 650 | 0 | _aSailors. | |
| 650 | 0 | _aExplorers. | |
| 650 | 0 | _aDiscoveries in geography. | |
| 942 |
_2ddc _cBK |
||